000 01263 a2200289 4500
999 _c2623
_d2623
020 _a9780712603577
020 _a1400040051
050 0 0 _aJC495 GEL 2007
100 1 _aGellately, Robert,
_d1943-
245 1 0 _aLenin, Stalin, and Hitler :
_bthe age of social catastrophe /
_cRobert Gellately.
250 _a1st ed.
264 _aLondon
_bVintage Books
_c2007
300 _axv, 696 p., [24] p. of plates :
_bill., maps ;
500 _aThe age of social catastrophe
504 _aIncludes bibliographical references (p. 595-670) and index.
650 0 _aDictatorship
_xHistory
650 0 _aDictatorship
651 0 _aSoviet Union
651 0 _aSoviet Union
651 0 _aGermany
856 4 1 _3Table of contents only
_uhttp://www.loc.gov/catdir/toc/ecip0710/2007005272.html
856 4 2 _3Contributor biographical information
_uhttp://www.loc.gov/catdir/enhancements/fy0804/2007005272-b.html
856 4 2 _3Publisher description
_uhttp://www.loc.gov/catdir/enhancements/fy0804/2007005272-d.html
856 4 1 _3Sample text
_uhttp://www.loc.gov/catdir/enhancements/fy0804/2007005272-s.html
942 _2lcc
_cBK
_h495
_iGEL
_kJC